Early Hunnic Invadions and abandonment of Buddhist Temples in India/ (Record no. 177900)
[ view plain ]
| 000 -LEADER | |
|---|---|
| fixed length control field | 00668nam a22001817a 4500 |
| 005 - DATE AND TIME OF LATEST TRANSACTION | |
| control field | 20210310112910.0 |
| 010 ## - LCCN (DPL NO) | |
| LC control number | ENG-129197 |
| 020 ## - INTERNATIONAL STANDARD BOOK NUMBER | |
| International Standard Book Number | 978-81-215-1353-1 |
| Terms of availability | 595.00 |
| 035 ## - SYSTEM CONTROL NUMBER | |
| System control number | EN-112729 |
| 037 ## - SOURCE OF ACQUISITION | |
| Source of stock number/acquisition | DBAD/PUB |
| 082 ## - DEWEY DECIMAL CLASSIFICATION NUMBER | |
| Classification number | 294.34350954 |
| 100 ## - MAIN ENTRY--PERSONAL NAME | |
| Personal name | Singh, Rajesh Kumar |
| 245 ## - TITLE STATEMENT | |
| Title | Early Hunnic Invadions and abandonment of Buddhist Temples in India/ |
| Statement of responsibility, etc | Rajesh Kumar Singh |
| 260 ## - PUBLICATION, DISTRIBUTION, ETC. (IMPRINT) | |
| Place of publication, distribution, etc | New Delhi |
| Name of publisher, distributor, etc | Munshiram Manoharlal Publishers Pvt. Ltd. |
| Date of publication, distribution, etc | 2021 |
| 270 ## - ADDRESS | |
| City | New Delhi |
| Postal code | 110055 |
| Address | PO Box 5715,54 Rani Jhansi Road |
| 300 ## - PHYSICAL DESCRIPTION | |
| Extent | 93p. |
| Dimensions | 22cm(hbk) |
| Other physical details | Including Index,bibliographical reference and tables |
| 942 ## - ADDED ENTRY ELEMENTS (KOHA) | |
| Source of classification or shelving scheme | Dewey Decimal Classification |
| Item type | English Books |
| Classification part | 294.34350954 |
| Call number suffix | SIN |
| Withdrawn status | Lost status | Not for loan | Collection code | Home library | Current library | Date acquired | Source of acquisition | Cost, normal purchase price | Full call number | Barcode | Copy number | Cost, replacement price | Koha item type |
|---|---|---|---|---|---|---|---|---|---|---|---|---|---|
| Non-fiction | Ashok Vihar | Ashok Vihar | 10/03/2021 | DBAD/PUB | 595.00 | 294.34350954 SIN | EN-112729 | 1 | 595.00 | English Books |
